Development-induced displacement and human rights in Africa : (Record no. 10292)
[ view plain ]
| 000 -LEADER | |
|---|---|
| fixed length control field | 02334nam a22003495i 4500 |
| 001 - CONTROL NUMBER | |
| control field | 21669997 |
| 003 - CONTROL NUMBER IDENTIFIER | |
| control field | KF4550 ADE 2021 |
| 005 - DATE AND TIME OF LATEST TRANSACTION | |
| control field | 20220112110434.0 |
| 008 - FIXED-LENGTH DATA ELEMENTS--GENERAL INFORMATION | |
| fixed length control field | 200814s2020 nyu 000 0 eng |
| 010 ## - LIBRARY OF CONGRESS CONTROL NUMBER | |
| LC control number | 2020944250 |
| 020 ## - INTERNATIONAL STANDARD BOOK NUMBER | |
| International Standard Book Number | 9781138104150 |
| Qualifying information | (hardback) |
| 020 ## - INTERNATIONAL STANDARD BOOK NUMBER | |
| Canceled/invalid ISBN | 9781315102313 |
| Qualifying information | (ebook) |
| 040 ## - CATALOGING SOURCE | |
| Original cataloging agency | DLC |
| Language of cataloging | eng |
| Description conventions | rda |
| Transcribing agency | DLC |
| 042 ## - AUTHENTICATION CODE | |
| Authentication code | pcc |
| 050 ## - LIBRARY OF CONGRESS CALL NUMBER | |
| Classification number | KF4550 ADE 2021 |
| 100 1# - MAIN ENTRY--PERSONAL NAME | |
| Personal name | Adeola, Romola, |
| Relator term | author. |
| 245 10 - TITLE STATEMENT | |
| Title | Development-induced displacement and human rights in Africa : |
| Remainder of title | the Kampala convention / |
| Statement of responsibility, etc. | Romola Adeola. |
| 250 ## - EDITION STATEMENT | |
| Edition statement | 1. |
| 263 ## - PROJECTED PUBLICATION DATE | |
| Projected publication date | 2009 |
| 264 #1 - PRODUCTION, PUBLICATION, DISTRIBUTION, MANUFACTURE, AND COPYRIGHT NOTICE | |
| Place of production, publication, distribution, manufacture | New York : |
| Name of producer, publisher, distributor, manufacturer | Routledge, |
| Date of production, publication, distribution, manufacture, or copyright notice | 2020. |
| 300 ## - PHYSICAL DESCRIPTION | |
| Extent | 141 pages |
| 336 ## - CONTENT TYPE | |
| Content type term | text |
| Content type code | txt |
| Source | rdacontent |
| 337 ## - MEDIA TYPE | |
| Media type term | unmediated |
| Media type code | n |
| Source | rdamedia |
| 338 ## - CARRIER TYPE | |
| Carrier type term | volume |
| Carrier type code | nc |
| Source | rdacarrier |
| 490 0# - SERIES STATEMENT | |
| Series statement | Routledge contemporary africa |
| 500 ## - GENERAL NOTE | |
| General note | Includes bibliographical references and index |
| 520 ## - SUMMARY, ETC. | |
| Summary, etc. | "Within the context of the 2009 Kampala Convention, this book examines how a balance can be struck between the imperative of development projects and the rights of persons likely to be displaced in Africa. Following independence, many African states embarked on large-scale development projects such as dams, urban renewal and extraction of natural resources and have had to grapple with how to protect displaced communities while implementing development projects. These projects were considered a panacea for Africa's development and the economic interests of the majority were often considered over and above the interests of the minority of people who were displaced by these projects .This book examines how a balance can be struck between the imperative of development and the rights of displaced persons within the context of the African Union Convention on the Protection and Assistance of Internally Displaced Persons in Africa (the Kampala Convention). Romola Adeola analyses the obligations that are placed on African states by the Kampala Convention in the context of development-induced displacement. This book will be of interest to scholars of human rights law, forced migration, African Studies and development"-- |
| Assigning source | Provided by publisher. |
| 651 ## - SUBJECT ADDED ENTRY--GEOGRAPHIC NAME | |
| Source of heading or term | Development and human rights |
| Geographic subdivision | Africa |
| 906 ## - LOCAL DATA ELEMENT F, LDF (RLIN) | |
| a | 0 |
| b | ibc |
| c | orignew |
| d | 2 |
| e | epcn |
| f | 20 |
| g | y-gencatlg |
| 942 ## - ADDED ENTRY ELEMENTS (KOHA) | |
| Source of classification or shelving scheme | Library of Congress Classification |
| Koha item type | Books |
| Classification part | 4550 |
| Item part | ADE |
| Call number prefix | KF |
| Withdrawn status | Lost status | Damaged status | Not for loan | Collection code | Home library | Current library | Shelving location | Date acquired | Total Checkouts | Total Renewals | Full call number | Barcode | Date last seen | Date last checked out | Copy number | Price effective from | Koha item type |
|---|---|---|---|---|---|---|---|---|---|---|---|---|---|---|---|---|---|
| Non-fiction | Law Library | City Campus Library | General Stacks | 01/12/2022 | 2 | 1 | KF4550 ADE 2021 | 031874 | 10/12/2022 | 09/28/2022 | c.1 | 01/12/2022 | Books |